Statistiques concernant 5 plus grandes villes : Royaume-Uni

Cliquez ici pour prendre le quiz!

Statistiques générales

  • Ce quiz a été pris 492 fois
  • Le résultat moyen est 9 sur 20

Statistiques - réponses

Ville% Correct
Londres
100%
Manchester
96%
Liverpool
91%
Glasgow
85%
Edimbourg
83%
Belfast
79%
Cardiff
78%
Birmingham
77%
Leeds
56%
Aberdeen
46%
Swansea
36%
Derry
24%
Dundee
22%
Newport
10%
Lisburn
4%
Bangor
3%
Barry
1%
East Kilbride
1%
Rhondda
1%
Newtownabbey
0%

Distribution des résultats

Percentile par nombre de réponses

% des personnes avec chaque résultat

Votre développement - résultats

Vous n’avez pas pris ce quiz